Libro del árbol : Esencias Forestales no Autóctonas cultivadas en la Argentina de Aplicación Ornamental y / o industrial /
Guardado en:
| Autor Principal: | |
|---|---|
| Formato: | Libro |
| Publicado: |
Buenos Aires :
Celulosa,
1976
|
| Edición: | 3a. ed. |
| Materias: | |
| Etiquetas: |
Agregar Etiqueta
Sin Etiquetas, Sea el primero en etiquetar este registro!
|
| LEADER | 00895nam a22002175a 4500 | ||
|---|---|---|---|
| 001 | CEM.cems015618 | ||
| 008 | 130507s1976##################000#0#####d | ||
| 005 | 20260629114345.0 | ||
| 245 | 0 | 0 | |a Libro del árbol : |b Esencias Forestales no Autóctonas cultivadas en la Argentina de Aplicación Ornamental y / o industrial / |c Millan Jorge Dimitri. |
| 250 | |a 3a. ed. | ||
| 260 | |a Buenos Aires : |b Celulosa, |c 1976 | ||
| 100 | 1 | |a Dimitri, Millan Jorge. | |
| 082 | 0 | 4 | |a 634.927 |
| 653 | |a Agricultura | ||
| 653 | |a Árboles | ||
| 653 | |a Dasonomía | ||
| 653 | |a Taxonomía forestal | ||
| 859 | |a CEMS |b BIB. CEMS - Agricultura |h 634.927 |i L616a3 |p A7157.79 |t Ej.1 |v I |3 III | ||
| 859 | |a CEMS |b BIB. CEMS - Agricultura |h 634.927 |i L616a3 |p A10909.82 |t Ej.2 |v I |3 III | ||
| 859 | |a CEMS |b BIB. CEMS - Agricultura |h 634.927 |i L616a3 |p A4209.26 |t Ej.3 |3 III | ||
| 859 | |a CEMS |b BIB. CEMS - Agricultura |h 634.927 |i L616a3 |p A4211.26 |t Ej.3 |3 III | ||
